000 02223cam a22005654i 4500
003 PE-LiUPU
005 20250731180118.0
008 150623s r 000 0 d
020 _a9243208543
035 _a(Sirsi) i9789243208541
040 _aPE-LiUPU
_bspa
_cPE-LiUPU
_erda
049 _aPRUA
082 0 4 _a573.6
_bO65
_221
110 2 _aOrganización Mundial de la Salud
245 1 3 _aEl estado físico :
_buso e interpretación de la antropometría /
_cOMS.
264 1 _aGinebra :
_bOrganización Mundial de la Salud,
_c1995.
300 _a521 p. :
_bilustraciones, cuadros ;
_c24 centímetros
336 _atext
_2rdacontent
337 _aunmediated
_2rdamedia
338 _avolume
_2rdacarrier
490 0 _aSerie de Informes Técnicos ;
_v854
504 _aIncluye bibliografía.
505 0 _aontenido: Marco Técnico. Mujeres embarazadas y mujeres lactantes. El recién nacido. Lactantes y niños. Adolescentes. Adultos con sobrepeso. Adultos delgados. Adultos de 60 o más de edad. Recomendaciones Generales.
526 _aSEG44
526 _aSEG26
526 _aP159
526 _aP155
526 _aP154
526 _aP153
526 _aP150
526 _aP100
526 _aP31
526 _aP30
526 _aP26
526 _aP25
526 _aP24
526 _aP22
526 _aP15
526 _aP10
650 0 4 _aAntropometría.
942 _2ddc
_cBOOK
949 _a573.6 O65
_wDEWEY
_c1
_i49709
_d2016-1-18
_e2016-1-18
_lCCODEBUL1
_mBUL
_n2
_r0
_sY
_tBOOK
_u2015-6-24
_xSALUD
_zUNKNOWN
_0COMPRA
_o.STAFF. Colección General
949 _a573.6 O65
_wDEWEY
_c2
_i49708
_d2015-11-6
_e2015-10-30
_lCCODEBUL1
_mBUL
_n3
_r0
_sY
_tBOOK
_u2015-6-24
_xSALUD
_zUNKNOWN
_0COMPRA
_o.STAFF. Colección General
994 _aC0
_bPEPRU
596 _a1
999 _a573.6 O65
_wDEWEY
_c32555
_i49709
_d32555
_e2016-1-18
_f2021-11-5
_g6
_lCCODEBUL1
_mBUL
_n2
_q2
_r0
_sY
_tBOOK
_u2015-6-24
_xBIBLIOTECA
_zUNKNOWN
_0COMPRA
_o.STAFF. Colección General
999 _a573.6 O65
_wDEWEY
_c2
_i49708
_d2018-5-14
_e2015-10-30
_f2021-11-5
_g5
_lCCODEBUL1
_mBUL
_n3
_q2
_r0
_sY
_tBOOK
_u2015-6-24
_xBIBLIOTECA
_zUNKNOWN
_0COMPRA
_o.STAFF. Colección General
980 _81
_gALBERTO SANCHEZ Responsable de Automatización